| 000 | 01036nam0a2200325 4500 | ||
|---|---|---|---|
| 001 | RU\NLR\BIBL_A\012510391 | ||
| 005 | 20250624053557.0 | ||
| 010 |
_a978-5-9904902-4-6 _9200 |
||
| 021 |
_aRU _b2020-84994 _9КН-П-6470 |
||
| 035 | _a(RuMoRGB)010529411 | ||
| 035 | _a(NLR Aleph) 012510391 | ||
| 090 |
_a12270566 _c12270566 |
||
| 100 | _a20210426d2020 |||y0rusy50 ca | ||
| 101 | 0 | _arus | |
| 102 | _aRU | ||
| 105 | _ay|||z|||000ay | ||
| 181 | 0 |
_ai3 _baxxe |
|
| 182 | 0 | _an | |
| 200 | 1 |
_aНефть деревни Федюково _eсборник рассказов _fМихаил Мосалёв |
|
| 203 |
_aТекст _bвизуальный _cнепосредственный |
||
| 210 |
_aМосква _c[б. и.] _d2020 |
||
| 215 |
_a311, [1] с. _d21 |
||
| 333 | _a12+ | ||
| 686 | 2 | _aШ6(2=Р)8-440.5 | |
| 700 | 1 |
_aМосалёв _bМ.В. _gМихаил В |
|
| 942 | _cBOOK | ||
| 980 | _aNB | ||